LEADER 01256nas a2200241 i 4500 001 000000171803 003 CaOOAMICUS 005 20080514000000.0 008 080514b2008 fr uu s u0 0mul r 013 $a149235 040 $aSeMil$bita 245 10$aEsprit :$bcollection intégrale 1932-2006 /$cPréparation et réalisation [par] Isako ; création graphique [par] Atelier de Signes ; publié avec l'aide du CNL. 260 $aParis :$bEsprit,$ccopyr. 2008. 500 $aIn custodia, 20x14x2 cm con : "Esprit", une revue dans l'histoire, 1932-2006. - Formulazione di responsabilità da custodia. - COLLOCAZIONE IN UFFICIO. 650 4$aEsprit : revue internationale - 1932-2006.$0(OLS)http://semarc/subject/32706 700 1 $aIsako .$0(OLS)http://semarc/name/64269 700 1 $aAtelier de Signes .$0(OLS)http://semarc/name/64270 710 2 $aCentre National du Livre .$0(OLS)http://semarc/name/1914 850 $aSeMil 852 $aSeMil$W1$xVenegono$y1$m64 3 76/S DVD$j122667$B122667$CSeMilBibl$Z2$F134072 $85 961 $aAcquisto: Esprit 996 $6245$aEsprit :$bcollection intégrale 1932-2006$9(OLS)http://semarc/title/245872 996 $6260$aParis :$bEsprit$9(OLS)http://semarc/publisher/30633 LEADER 02305nam a2200265 4500 001 000000355650 003 CaOOAMICUS 005 20231010110045.0 008 231010s17901798fr a 000 u fre r 040 $aSeMil$bita 100 11$aMillin, Aubin-Louis,$d<1759-1818>.$0(OLS)http://semarc/name/12000 245 10$aAntiquités nationales, ou Recueil de monumens pour servir à l'histoire générale et particulière de l'Empire françoise ... par Aubin-Louis Millin. ... Tome premier [-cinquième]. 264 1$aA Paris :$bChez M. Drouhin, éditeur et propriétaire dudit ouvrage, rue Saint-André-des-Arcs, n° 92, jusqu'à Pâques, et à cette époque, rue Christine, n° 2,$c1790-1798. 300 $a5 v. :$bill. ;$c2° 500 $aCarte di tavola disegnate ed incise da numerosi autori 700 1 $aDrouhin, Marie François,$c.$0(OLS)http://semarc/name/118430 774 0 $aMillin, Aubin-Louis <1759-1818>$tTome 1.$dA Paris : Chez M. Drouhin, éditeur et propriétaire dudit ouvrage, rue Saint-André-des-Arcs, n° 92, jusqu'à Pâques, et à cette époque, rue Christine, n° 2, 1790.$w()355651 774 0 $aMillin, Aubin-Louis <1759-1818>$tTome 2.$dA Paris : Chez M. Drouhin, éditeur et propriétaire dudit ouvrage, rue Christine, n° 2, 1791.$w()355652 774 0 $aMillin, Aubin-Louis <1759-1818>$tTome 3.$dA Paris : Chez M. Drouhin, éditeur et propriétaire dudit ouvrage, rue Christine, n° 2, 1791.$w()355653 774 0 $aMillin, Aubin-Louis <1759-1818>$tTome 4.$dA Paris : Chez M. Drouhin, éditeur et propriétaire dudit ouvrage, rue Christine, n° 2, 1792.$w()355654 774 0 $aMillin, Aubin-Louis <1759-1818>$tTome 5.$dA Paris : Chez M. Drouhin, éditeur et propriétaire dudit ouvrage, rue de Vaugirard, n. 1348 : de l'Imprimerie de Testu, An VII [1798]$w()355655 941 1 $a10 996 $6245$aAntiquités nationales, ou Recueil de monumens pour servir à l'histoire générale et particulière de l'Empire françoise ... par Aubin-Louis Millin. ... Tome premier [-cinquième]$9(OLS)http://semarc/title/445877 996 $6264$aA Paris :$bChez M. Drouhin, éditeur et propriétaire dudit ouvrage, rue Saint-André-des-Arcs, n° 92, jusqu'à Pâques, et à cette époque, rue Christine, n° 2$9(OLS)http://semarc/publisher/61312